<?xml version="1.0" encoding="UTF-8"?>
<collection xmlns="http://www.loc.gov/MARC21/slim">
 <record>
  <leader>01569nam a2200193Ia 4500</leader>
  <controlfield tag="001">TDMU_38202</controlfield>
  <controlfield tag="008">210410s9999    xx            000 0 und d</controlfield>
  <datafield tag="082" ind1=" " ind2=" ">
   <subfield code="a">808.4</subfield>
  </datafield>
  <datafield tag="100" ind1=" " ind2=" ">
   <subfield code="a">Mizrahi, Janet</subfield>
  </datafield>
  <datafield tag="245" ind1=" " ind2="0">
   <subfield code="a">Fundamentals of Writing for Marketing and Public Relations</subfield>
  </datafield>
  <datafield tag="245" ind1=" " ind2="2">
   <subfield code="b">A Step-by-Step Guide for Quick and Effective Results</subfield>
  </datafield>
  <datafield tag="245" ind1=" " ind2="0">
   <subfield code="c">Janet Mizrahi</subfield>
  </datafield>
  <datafield tag="260" ind1=" " ind2=" ">
   <subfield code="b">Business Expert Press</subfield>
  </datafield>
  <datafield tag="260" ind1=" " ind2=" ">
   <subfield code="c">2010</subfield>
  </datafield>
  <datafield tag="300" ind1=" " ind2=" ">
   <subfield code="a">109Pages</subfield>
  </datafield>
  <datafield tag="520" ind1=" " ind2=" ">
   <subfield code="a">Ebook from IG Library ; This book contains the basic elements necessary for an individual with little marketing or public relations experience to write promotional materials including the news release, newsletter, brochure, web copy, and blog. Students studying business, marketing, public relations or communication as well as small business owners and entrepreneurs will find this easy-to-use, practical guide vital to their efforts to promote and inform various publics about their organization. Written by two seasoned professionals, A Guide to Writing Marketing and Public Relations Materials provides an overview of marketing writing style as well as step-by-step guides to the most commonly used marketing and PR genres that will make even the most timid writers confident that they have represented their organization's message in a concise, coherent and professional manner.</subfield>
  </datafield>
  <datafield tag="650" ind1=" " ind2=" ">
   <subfield code="a">Corporate Communication; Quan hệ công chúng; Truyền thông</subfield>
  </datafield>
  <datafield tag="856" ind1=" " ind2=" ">
   <subfield code="u">http://lrc.tdmu.edu.vn/opac/search/detail.asp?aID=2&amp;ID=38202</subfield>
  </datafield>
  <datafield tag="980" ind1=" " ind2=" ">
   <subfield code="a">Trung tâm Học liệu Trường Đại học Thủ Dầu Một</subfield>
  </datafield>
 </record>
</collection>
